[Event "Skalica op-B"]
[Site "Skalica"]
[Date "2023.08.23"]
[Round "5"]
[White "Zemek, Antonin"]
[Black "Kubis, Ivan"]
[Result "0-1"]
[WhiteElo "1666"]
[BlackElo "1823"]
[PlyCount "78"]
[EventDate "2023.08.19"]
[EventType "swiss"]
[EventRounds "9"]
[EventCountry "SVK"]
[SourceTitle "CBM 215 Extra"]
[Source "ChessBase"]
[SourceDate "2023.09.30"]
[SourceVersion "1"]
[SourceVersionDate "2023.09.30"]
[SourceQuality "1"]

1. Nf3 Nf6 2. b3 d5 3. Bb2 Bf5 4. d3 c5 5. c4 e6 6. Nbd2 Nc6 7. a3 Bd6 8. g3 d4 9. h3 e5 10. Bg2 h6 11. 0-0 Qd7 12. g4 Bh7 13. Qc2 g5 14. Nh2 h5 15. f3 Ne7 16. Ne4 Nxe4 17. dxe4 Ng6 18. e3 a6 19. Rad1 Qc7 20. Qd2 0-0-0 21. Rc1 Kb8 22. gxh5 Nh4 23. Ng4 Qe7 24. Rb1 f5 25. exf5 Nxf5 26. e4 Ng3 27. Bc1 Nxf1 28. Bxf1 Rhg8 29. b4 Ka8 30. b5 Rb8 31. Qa5 Qd8 32. Qa4 Ka7 33. Bd2 Bc7 34. Bd3 Rh8 35. Ra1 Bg8 36. Bb4 Qe7 37. h6 Be6 38. Nxe5 Bxe5 39. b6+ Ka8 0-1

[Event "Skalica op-B"]
[Site "Skalica"]
[Date "2021.08.25"]
[Round "5"]
[White "Kubis, Ivan"]
[Black "Zemek, Antonin"]
[Result "1/2-1/2"]
[WhiteElo "1835"]
[BlackElo "1306"]
[PlyCount "105"]
[EventDate "2021.08.21"]
[EventType "swiss"]
[EventRounds "9"]
[EventCountry "SVK"]
[SourceTitle "CBM 204 Extra"]
[Source "ChessBase"]
[SourceDate "2021.11.30"]
[SourceVersion "1"]
[SourceVersionDate "2021.11.30"]
[SourceQuality "1"]

1. e4 e5 2. Nf3 Nf6 3. d4 Nxe4 4. Bd3 d5 5. Nxe5 Nc6 6. Nxc6 bxc6 7. 0-0 Nf6 8. Re1+ Be7 9. Qe2 Be6 10. f4 Bg4 11. Qe3 Bc8 12. h3 Qd6 13. b3 Qe6 14. Qxe6 fxe6 15. f5 Kf7 16. fxe6+ Bxe6 17. Nd2 Bb4 18. Rb1 Bc3 19. Rf1 Bxd4+ 20. Kh1 g6 21. Nf3 Bc3 22. Ba3 Kg7 23. Ng5 Bd7 24. Bc5 h6 25. Nf3 Rhe8 26. Nd4 Ne4 27. Bxe4 Rxe4 28. Rbd1 a6 29. Rd3 Bxd4 30. Bxd4+ Kg8 31. Rf6 Bf5 32. Rd2 Re6 33. Rxe6 Bxe6 34. Rf2 Rf8 35. Kg1 Rf5 36. Rxf5 Bxf5 37. c3 Kf7 38. Be5 h5 39. b4 Ke6 40. Bxc7 Bc2 41. Kf2 Kf5 42. Ke3 Ba4 43. h4 g5 44. hxg5 Kxg5 45. g3 Kf5 46. Kd4 Bb5 47. Kc5 Ke4 48. Kb6 Kd3 49. Be5 Kc2 50. Ka5 Bc4 51. a4 Kb3 52. Kb6 Kxa4 53. Kxc6 1/2-1/2

[Event "Skalica Schaeffler op"]
[Site "Skalica"]
[Date "2020.08.30"]
[Round "9"]
[White "Rakovsky, Jakub"]
[Black "Kubis, Ivan"]
[Result "1-0"]
[WhiteElo "1654"]
[BlackElo "1877"]
[PlyCount "57"]
[EventDate "2020.08.23"]
[EventType "swiss"]
[EventRounds "9"]
[EventCountry "SVK"]
[SourceTitle "CBM 198 Extra"]
[Source "ChessBase"]
[SourceDate "2020.11.30"]
[SourceVersion "1"]
[SourceVersionDate "2020.11.30"]
[SourceQuality "1"]

1. e4 e5 2. Bc4 Nf6 3. d3 Nc6 4. Nf3 Be7 5. 0-0 0-0 6. Re1 d6 7. a4 Bg4 8. h3 Bh5 9. c3 Qd7 10. a5 a6 11. Nbd2 Rad8 12. g4 Bg6 13. Nf1 h5 14. g5 Ne8 15. Kh2 Kh7 16. Ng3 f5 17. exf5 Bxf5 18. Nxe5 Bg4 19. Nxd7 Bxd1 20. Nxf8+ Bxf8 21. Rxd1 Ne5 22. f4 Nf3+ 23. Kg2 Nh4+ 24. Kf2 d5 25. Bb3 g6 26. d4 c6 27. Bc2 Nc7 28. f5 Bd6 29. fxg6+ 1-0

[Event "Skalica op"]
[Site "Skalica"]
[Date "2020.01.11"]
[Round "8"]
[White "Bochnickova, Simona"]
[Black "Kubis, Ivan"]
[Result "1-0"]
[WhiteElo "1557"]
[BlackElo "1863"]
[PlyCount "63"]
[EventDate "2020.01.11"]
[EventType "swiss"]
[EventRounds "9"]
[EventCountry "SVK"]
[SourceTitle "CBM 194 Extra"]
[Source "ChessBase"]
[SourceDate "2020.03.31"]
[SourceVersion "1"]
[SourceVersionDate "2020.03.31"]
[SourceQuality "1"]

1. e4 e5 2. Nf3 Nc6 3. Nc3 Nf6 4. Bb5 Bb4 5. 0-0 0-0 6. d3 Bxc3 7. bxc3 d6 8. Bg5 h6 9. Bh4 Qe7 10. Re1 Nd8 11. Qe2 Bg4 12. h3 Bh5 13. Qe3 g5 14. Bg3 Bg6 15. Rad1 Nh5 16. h4 g4 17. Nh2 Nxg3 18. Qxg3 f5 19. exf5 Bxf5 20. Nxg4 Kh7 21. f4 Rg8 22. fxe5 Rxg4 23. Qf3 Bc8 24. exd6 Qxd6 25. Re4 Rxe4 26. Qxe4+ Qg6 27. Qe7+ Nf7 28. Be8 Be6 29. Rf1 Kg7 30. h5 Qg4 31. Bxf7 Rf8 32. Bxe6+ 1-0

[Event "Skalica op"]
[Site "Skalica"]
[Date "2020.01.11"]
[Round "3"]
[White "Kubis, Ivan"]
[Black "Svrcek, Daniel"]
[Result "1-0"]
[WhiteElo "1863"]
[BlackElo "1498"]
[PlyCount "97"]
[EventDate "2020.01.11"]
[EventType "swiss"]
[EventRounds "9"]
[EventCountry "SVK"]
[SourceTitle "CBM 194 Extra"]
[Source "ChessBase"]
[SourceDate "2020.03.31"]
[SourceVersion "1"]
[SourceVersionDate "2020.03.31"]
[SourceQuality "1"]

1. e4 e6 2. d4 d5 3. Nc3 dxe4 4. Nxe4 Nf6 5. Bd3 b6 6. Nf3 Be7 7. 0-0 Bb7 8. Qe2 h6 9. h3 Nbd7 10. Rd1 0-0 11. c4 Nxe4 12. Bxe4 Bxe4 13. Qxe4 Nf6 14. Qb7 Qc8 15. Qc6 Qd7 16. Qxd7 Nxd7 17. d5 exd5 18. Rxd5 Nf6 19. Rf5 Bd6 20. Bxh6 gxh6 21. Rxf6 Kg7 22. Rf5 Rfe8 23. Re1 Rxe1+ 24. Nxe1 Re8 25. Kf1 Re4 26. b3 Rd4 27. Ke2 Re4+ 28. Kd1 Rd4+ 29. Ke2 Re4+ 30. Kf1 Rd4 31. Rd5 Rxd5 32. cxd5 Kf6 33. Nc2 a6 34. Ke2 Ke5 35. Ne3 Bc5 36. Ng4+ Kxd5 37. Nxh6 Ke6 38. f4 f5 39. g4 Bf8 40. Nxf5 c5 41. Kd3 b5 42. h4 Kf6 43. h5 a5 44. Ne3 a4 45. g5+ Kf7 46. bxa4 bxa4 47. Kc4 Bd6 48. Nd5 a3 49. f5 1-0

[Event "SVK-chT3A2 1819"]
[Site "Slovakia"]
[Date "2019.03.10"]
[Round "10.2"]
[White "Kubis, Ivan"]
[Black "Jancik, Ondrej"]
[Result "1-0"]
[WhiteElo "1907"]
[BlackElo "1637"]
[PlyCount "43"]
[EventDate "2018.10.07"]
[EventType "team-tourn"]
[EventRounds "11"]
[EventCountry "SVK"]
[SourceTitle "EXT 2020"]
[Source "ChessBase"]
[SourceDate "2019.10.17"]
[SourceVersion "1"]
[SourceVersionDate "2019.10.17"]
[SourceQuality "1"]
[WhiteTeam "Gbely Nafta II"]
[BlackTeam "Trnava Lokomotiva II"]
[WhiteTeamCountry "SVK"]
[BlackTeamCountry "SVK"]

1. e4 c5 2. Nf3 d6 3. d4 cxd4 4. Nxd4 Nf6 5. Nc3 g6 6. f3 Bg7 7. Be3 0-0 8. Bc4 Nc6 9. Qd2 a6 10. 0-0-0 Qc7 11. Bb3 Ne5 12. h4 Nc4 13. Bxc4 Qxc4 14. g4 Be6 15. h5 Rfc8 16. hxg6 fxg6 17. Bh6 Nxe4 18. fxe4 Bxd4 19. Qxd4 Qxd4 20. Rxd4 Bxg4 21. Nd5 Kf7 22. Nb6 1-0

[Event "SVK-chT3A2 1718"]
[Site "Slovakia"]
[Date "2018.03.25"]
[Round "11.6"]
[White "Kubis, Ivan"]
[Black "Blaho, Stefan"]
[Result "0-1"]
[WhiteElo "1897"]
[BlackElo "2029"]
[PlyCount "40"]
[EventDate "2017.10.08"]
[EventType "team-tourn"]
[EventRounds "11"]
[EventCountry "SVK"]
[SourceTitle "EXT 2020"]
[Source "ChessBase"]
[SourceDate "2019.10.17"]
[SourceVersion "1"]
[SourceVersionDate "2019.10.17"]
[SourceQuality "1"]
[WhiteTeam "Gbely Nafta II"]
[BlackTeam "Dunajska Streda II"]
[WhiteTeamCountry "SVK"]
[BlackTeamCountry "SVK"]

1. e4 c5 2. Nf3 d6 3. d4 cxd4 4. Nxd4 Nf6 5. Nc3 g6 6. Be3 Bg7 7. f3 0-0 8. Qd2 Nc6 9. 0-0-0 Nxd4 10. Bxd4 Be6 11. Kb1 Qc7 12. Be2 Rfc8 13. h4 Qa5 14. a3 Rab8 15. Na2 Qxd2 16. Rxd2 Nh5 17. Rdd1 Bxa2+ 18. Kxa2 Rxc2 19. Rhe1 Rbc8 20. Bc3 R8xc3 0-1